000 00671nam a2200229 a 4500
001 61041
003 BD-RjUL
005 20211209080920.0
008 170114s1983 nyua b 001 0 eng d
020 _a0030611210
035 _a(BD-RjUL)61165
040 _aBD-RjUL
_cBD-RjUL
_dBD-RjUL
_beng
041 _aeng
082 _a657.42
_223
_bRIC
100 1 _aRiahi-Belkaoui, Ahmed,
_d1943-
_9182140
245 1 0 _aCost accounting :
_ba multidimensional emphasis /
_cAhmed Belkaoui
260 _aChicago :
_bDryden Press,
_cc1983
300 _a636 p. :
_bill. ;
_c25 cm
504 _aIncludes bibliographies and indexes
650 0 _aCost accounting
_9176383
942 _2ddc
_cBK
999 _c61041
_d61041